000
00211 a2200097 4500
001
46931
100
_a
Rees D
245
_a
Korea the limited war
260
_a
London
_b
Macmillan & Co
_c
090
_c
30009
_d
30009
942
_a
NUST-CAE
_c
M
_c
22236
999
_c
282004
_d
282004